000 00490nam a2200169 i 4500
001 101852
003 ES-MaACL
005 20230906183008.0
007 t|
008 051026s1943 sp ||||1| spa d
100 1 _aMelville, Herman.
_980033
245 1 0 _aMoby Dick /
_cHerman Melville; [traductor Fabricio Valserra].
260 _aBarcelona :
_bLuis de Caralt,
_c1943.
300 _a2 v. ;
_c17 cm.
700 1 _aValserra, Fabricio.
_9112988
852 _aES-MaACL
_jF-16024-25
_bR.20789
999 _c101852
_d101852